MDQL
is popping MORE tags! Check the
thread
!
Quizzes
Events
Quiz Creation
Community
Videos
Private Events
Remove Ads
Sign In
Join for FREE
Feedback
Dark Mode
Quiz Categories
Sports
Geography
Music
Movies
Television
Just For Fun
Miscellaneous
History
Literature
Language
Science
Gaming
Entertainment
Religion
Holiday
For Kids
Quiz Lab
Recent
Popular Today
Quiz Kudos Today
Editor Picks
Curator Picks
Quizzes by...
Day
Popularity
Type
Ratings
Length
Year
Community
Subscriptions
Recent Discussions
Orange Saloon
Badges
Playlists
Quests
Create
Leaderboards
Showdown
Live 5
Trivia Bingo
Activity
Puzzle Library
Sporcle Events
Private Events
Virtual Trivia
Globe League
Become a Host
Pub Owners
SporcleCon
Opinionation
Our Games
Videos
Blog
Mobile Apps
Partnerships
Remove Ads and Go Orange
Feedback
Miscellaneous
Crossword
General Knowledge
Baby Names
Logo
Food
Cars
Numbers
Grab Bag
University
College
Popular
Company
Slogans
Restaurants
Justice
Letter
Miscellaneous
Crossword
General Knowledge
Baby Names
Logo
Food
Cars
Numbers
Grab Bag
University
College
Popular
Company
Slogans
Restaurants
Justice
Letter
Random Quiz
Search Sporcle
×
Quiz Lab
Quiz Lab
Miscellaneous
cap
Type in answers that appear in a list
Type in answers that appear in a list
Classic
Best Score? Go Orange.
CAP Honor Code (CA Wing) Stats
Can you recite the CAP Honor Code
By
sofiabankston
8m
31 Questions
3 Plays
3 Plays
3 Plays
Comments
Comments
Give Quiz Kudos
Give Quiz Kudos
-
- Ratings
hide this ad
More Info
Replay
Link that replays current quiz
Next Quiz
Link to next quiz in quiz playlist
You Got
0%
They Got
Avg Score
8%
Avg Friend Score
Upgrade to see
Score Distribution
Jump to the score distribution portion of the page
Score
0/31
Timer
08:00
0
Plays Today
Hint
Answer
% Correct
a
66.7%
the
66.7%
On
33.3%
my
33.3%
honor
33.3%
you will need to put a space in front of this word
I
33.3%
as
0%
Civil
0%
Air
0%
Patrol
0%
cadet
0%
of
0%
California
0%
Wing
0%
will
0%
not
0%
Hint
Answer
% Correct
lie
0%
cheat
0%
steal
0%
or
0%
commit
0%
any
0%
act
0%
of
0%
intentional
0%
dishonesty
0%
nor
0%
tolerate
0%
those
0%
who
0%
do
0%
Quiz Playlist
Details
Report
Send in Message
Add To Playlist
More Info:
This is the Civil Air Patrol California Wing version of the oath.
Classic:
Type in answers that appear in a list
Last Updated: Feb 16, 2017
Quiz Scoreboard
CHALLENGE
Sign Up to Join the Scoreboard
Show All
Scores
Hide
Comments
May contain spoilers
Recently Published
Street Fighter Characters
by Artimus82
Gaming
60s
9x9 Crossword: Cartoon Network
by jackfrog10
Miscellaneous
3m
College Basketball Coaching Resumes
by pancakes188
Sports
9m
More to Explore
Quiz From the Vault
Featured Blog Post
Where Did the Easter Bunny Come From?
hide this ad
You Might Also Like...
Tags
cap
code
honor
recite
Wing
Today's Top Quizzes in Miscellaneous
Browse Miscellaneous
hide this ad
Today's Top Quizzes in cap
Browse cap
Top Contributed Quizzes in Miscellaneous
1
5-to-1: Fast Food
2
The JOE quick-fire general knowledge quiz: Day 174
3
The JOE quick-fire general knowledge quiz: Day 173
4
5-to-1: Cocktails
5
The JOE quick-fire general knowledge quiz: Day 172
6
Sunday Crossword: Famous Bodies of Water
7
9x9 Crossword: Disney Movie Titles
8
The JOE quick-fire general knowledge quiz: Day 171
9
Named After an Animal - Odd One Out!
10
One Thing in Common: United Kingdom II
Explore More
Trending Topics
Marvel
Crossword
Harry Potter
NBA
Disney
Anime
Kpop
The Office
Pokémon
Country
WWE
Soccer
Puzzle
Song
NFL
hide this ad
More By:
sofiabankston
Quiz
Plays
Rating
Category
Featured
Created
CAP: Value of Drill and Ceremonies
18
Miscellaneous
Oct 7, 2014
CAP Cadet Oath
12
Miscellaneous
Oct 7, 2014
CAP: Definition of Leadership
4
Miscellaneous
Oct 7, 2014
CAP: Definition of Military Discipline
3
Miscellaneous
Oct 7, 2014
CAP Honor Code (CA Wing)
3
Miscellaneous
Oct 7, 2014
Go to Creator's Profile
Score Distribution
Quiz Creator Spotlight
sofiabankston
Follow
Send a Message
Quizzes Created
-
Created Quiz Play Count
-
More By This Creator
Popular Quizzes Today
1
Find the US States - No Outlines Minefield
2
Find the Countries of Europe - No Outlines Minefield
3
The Countries of the World
4
Find the US States
5
Risky Map Clicking: Biggest States A-Z
6
US States
7
Popular People in 1961
8
Movies - When Are They Set?
More Miscellaneous Quizzes
Which of the Four, 1-15
Editor's Pick
Trending Quizzes
Risky Map Clicking: Least Populous States A-Z
1-10 Letter G Words
Risky Map Clicking: Next State Alphabetically
Adjectives in 80s TV Shows
The Seven Year Switch: Catherine
Recently Updated
Leaping Animals
pecheneg
Reality TV Shows (A-Z)
bhenderson79
Rickey Henderson's Hall of Fame Teammates
pecheneg
Champions League XIs: Arsenal
pecheneg
Quick Pick: Celebrities in WWE's Hall of Fame
aduchscher
A-Z Keypad Blitz II
pecheneg
Multiple Oscar Actors
pecheneg
Mystery Phrase Blitz: Oscar 'Best Actors'
pecheneg
F. Scott Fitzgerald Novels
LTH
Pick 3 Villains
ddd62291
Trending Topics
Kpop
Crossword
Anime
Disney
Harry Potter
NBA
Marvel
WWE
Pokémon
NFL
Song
The Office
Country
Soccer
Puzzle
Your Account Isn't Verified!
In order to create a playlist on Sporcle, you need to verify the email address you used during registration. Go to your
Sporcle Settings
to finish the process.
Report this User
Report this user for behavior that violates our
Community Guidelines
.
Details:
Send Report
Go to the Sporcle.com Mobile Site →
Comments